00538nam a2200169 a 450000100060000000300090000600800410001502000150005604000280007108200140009910000450011324500790015826000460023730000110028365000330029465000410032718187CO-ViMGA141112s2004 ck r 000 u spa d a9508921137 aCO-ViMGAbspacCO-ViMGA04a658 T611o1 aTobar, Federico; Fernandez Pardo, Carlos10aOrganizaciones solidarias : bGestión e innovación en el tercer sector aBuenos Aires (Argentina), cLugar, c2001 a154.p.14aADMINISTRACIÓN DE EMPRESAS14aEMPRESAS SOLIDARIAS - ORGANIZACIÓN